LEADER 01057nam a2200241 i 4500 001 000000181901 003 CaOOAMICUS 005 20090924000000.0 008 090924s1955 it u000 u ita u 013 $a159819 040 $aSeMil$bita 100 0 $aPius XII,$c.$0(OLS)http://semarc/name/6093 240 00$aQuattordicesimo anno di pontificato :.$0(OLS)http://semarc/title/261035 245 10$aQuattordicesimo anno di pontificato :$b2 marzo 1952-1. marzo 1953. 300 $aXV, 578 p. ;$c24 cm. 773 0 $aPius XII $tDiscorsi e radio messaggi di Sua Santità Pio 12.$dCittà del Vaticano : Tipografia Poliglotta Vaticana, stampa 1948.$gVol.14$w()22062 850 $aSeMil 852 $aSeMil$W1$xVenegono$y1$m2A V 225$j132605$B132605$CSeMilBibl$Z2$F144439 $81 900 1 $aPacelli, Eugenio,$d<1876-1958>. 900 0 $aPio XII$c. 996 $6245$aQuattordicesimo anno di pontificato :$b2 marzo 1952-1. marzo 1953$9(OLS)http://semarc/title/261036 LEADER 01490nam a2200277 i 4500 001 000000163819 003 CaOOAMICUS 005 20250115135320.0 008 070820s2007 gw u000 u ger u 020 $a978-3-525-53085-6 040 $aSeMil$bita 100 1 $aWitulski, Thomas,$d<1964- >.$0(OLS)http://semarc/name/37424 245 14$aDie Johannesoffenbarung und Kaiser Hadrian :$bStudien zur Datierung der neutestamentlichen Apokalypse /$cThomas Witulski. 260 $aGöttingen :$bVandenhoeck & Ruprecht,$c2007. 300 $a415 p. ;$c24 cm. 490 0 $aForschungen zur Religion und Literatur des Alten und Neuen Testaments ;$v221 650 4$aBibbia. Nuovo Testamento. Apocalisse - Commentari, studi, critica, interpretazioni.$0(OLS)http://semarc/subject/1763 650 4$aBibbia - NT - Apocalisse - Datazione.$0(OLS)http://semarc/subject/31145 830 0$aForschungen zur Religion und Literatur des Alten und Neuen Testaments ;$v221.$0(OLS)http://semarc/title/298 850 $aSeMil 852 $aSeMil$W1$xVenegono$y1$m2XA S 221$j253850$B115113$CSeMilBibl$Z2$F125971 $81 961 $aSottoscrizione: Vandenhoeck & Ruprecht 996 $6020$a978-3-525-53085-6$9(OLS)http://semarc/number/149988 996 $6245$aDie Johannesoffenbarung und Kaiser Hadrian :$bStudien zur Datierung der neutestamentlichen Apokalypse$9(OLS)http://semarc/title/233733 996 $6260$aGöttingen :$bVandenhoeck & Ruprecht$9(OLS)http://semarc/publisher/29697